| 000 | 00876cam a22002054a 4500 | ||
|---|---|---|---|
| 005 | 20250605163950.0 | ||
| 008 | 250528s ||||||||||||||||||||||||d | ||
| 035 | _a15360 | ||
| 020 | _a273025058 | ||
| 040 |
_aGR-AtMCL _bgre _dGR-AtMCL _eAACR2 |
||
| 245 | 1 | _aModern Business Administration / Fourth edition | |
| 250 | _a4th | ||
| 260 |
_bPitman Publishing, _c1987 |
||
| 300 | _a478 | ||
| 520 | _aThis book presents a clear and readable account of business administration and management. Preface, Acknowledgements, Management Principles, Nature of Management, Business and its External Environment, Corporate Strategy and Planning, Organization, Direction, Control, Management in Action, Marketing and Sales Management, Production, Personnel Management, Office Management, Index. | ||
| 700 | 1 |
_aAppleby C. Robert _91260 |
|
| 942 | _cBK | ||
| 999 |
_c947 _d947 |
||